[Event "GRE-chT Online Rapid op 1st"]
[Site "Tornelo INT"]
[Date "2021.02.20"]
[Round "3.9"]
[White "Kouvatsos, Filippos"]
[Black "Makris, Spyridon Dionysios"]
[Result "1-0"]
[WhiteElo "2193"]
[BlackElo "1935"]
[PlyCount "129"]
[EventDate "2021.02.20"]
[EventType "team-swiss (rapid)"]
[EventRounds "9"]
[EventCountry "GRE"]
[SourceTitle "EXT 2023"]
[Source "ChessBase"]
[SourceDate "2022.10.05"]
[SourceVersion "1"]
[SourceVersionDate "2022.10.05"]
[SourceQuality "1"]

1. d4 Nf6 2. c4 e6 3. Nc3 Bb4 4. Qc2 d5 5. cxd5 Qxd5 6. Nf3 Qf5 7. Qxf5 exf5 8. Bd2 c6 9. a3 Be7 10. Bf4 Be6 11. e3 a5 12. Bd3 h6 13. h3 Nbd7 14. 0-0 0-0 15. Rac1 Nb6 16. Ne5 Nfd5 17. Nxd5 Nxd5 18. Bh2 Nb6 19. Bc4 Nxc4 20. Nxc4 Bxc4 21. Rxc4 a4 22. Rfc1 Ra6 23. g4 fxg4 24. hxg4 f5 25. gxf5 Rxf5 26. Bg3 Rb5 27. R1c2 Rab6 28. Rxa4 Rxb2 29. Rxb2 Rxb2 30. Ra7 Kf7 31. a4 h5 32. a5 Ke6 33. a6 bxa6 34. Rxa6 Kd5 35. Ra7 Bf6 36. Ra5+ Rb5 37. Ra7 g5 38. Rd7+ Ke4 39. Rd6 h4 40. Bxh4 Bg7 41. Bg3 c5 42. dxc5 Rxc5 43. Kg2 Kf5 44. Rd7 Bf6 45. Kf3 Rc3 46. Rd5+ Ke6 47. Rb5 Rc4 48. Rb6+ Kf5 49. Bb8 Ra4 50. Kg3 Be5+ 51. Bxe5 Kxe5 52. Rb5+ Kf6 53. f3 Ra3 54. e4 Ra2 55. Rb6+ Kf7 56. Kg4 Rg2+ 57. Kf5 Rg3 58. Rb7+ Kf8 59. Rb3 Ke7 60. e5 Rg1 61. Rb7+ Kf8 62. Kf6 Kg8 63. e6 Rf1 64. e7 Rxf3+ 65. Kg6 1-0

[Event "Chania Krommydakis 4th"]
[Site "Chania"]
[Date "2018.08.12"]
[Round "5"]
[White "Kouvatsos, Filippos"]
[Black "Patrelakis, Evaggelos"]
[Result "1-0"]
[WhiteElo "2176"]
[BlackElo "2235"]
[PlyCount "65"]
[EventDate "2018.08.09"]
[EventType "tourn"]
[EventRounds "9"]
[EventCountry "GRE"]
[SourceTitle "CBM 186 Extra"]
[Source "ChessBase"]
[SourceDate "2018.08.24"]
[SourceVersion "1"]
[SourceVersionDate "2018.08.24"]
[SourceQuality "1"]

1. d4 Nf6 2. c4 g6 3. Nc3 Bg7 4. e4 d6 5. Nf3 0-0 6. Be2 e5 7. d5 a5 8. Be3 h6 9. Nd2 Nh7 10. c5 f5 11. f3 Nd7 12. cxd6 cxd6 13. 0-0 b6 14. Rc1 f4 15. Bf2 g5 16. a3 Rf6 17. Nb5 Nc5 18. b4 axb4 19. axb4 Nd7 20. Rc6 Bf8 21. Nc7 Rb8 22. Ne6 Qe8 23. Bb5 Rg6 24. Qa4 Nhf6 25. Rc7 g4 26. Bh4 gxf3 27. Rxf3 Rg4 28. Bxf6 Qg6 29. Bg5 Nf6 30. Bf1 hxg5 31. Nxf8 Qh5 32. Qa7 Rh4 33. Rg7+ 1-0

[Event "Chania Krommydakis 4th"]
[Site "Chania"]
[Date "2018.08.11"]
[Round "4"]
[White "Kalogeris, Ioannis"]
[Black "Kouvatsos, Filippos"]
[Result "1-0"]
[WhiteElo "2385"]
[BlackElo "2176"]
[PlyCount "79"]
[EventDate "2018.08.09"]
[EventType "tourn"]
[EventRounds "9"]
[EventCountry "GRE"]
[SourceTitle "CBM 186 Extra"]
[Source "ChessBase"]
[SourceDate "2018.08.24"]
[SourceVersion "1"]
[SourceVersionDate "2018.08.24"]
[SourceQuality "1"]

1. e4 c6 2. d4 d5 3. Nc3 dxe4 4. Nxe4 Bf5 5. Qf3 e6 6. Ne2 Nf6 7. Nxf6+ Qxf6 8. Qb3 Qe7 9. Bf4 Qb4+ 10. c3 Qxb3 11. axb3 Nd7 12. b4 Nb6 13. Nc1 Nd5 14. Bg3 h5 15. h4 Kd7 16. Nb3 Bd6 17. Nc5+ Bxc5 18. bxc5 a5 19. Kd2 b5 20. cxb6 Nxb6 21. c4 Rhc8 22. c5 Nd5 23. Ra4 Ra7 24. Bc4 Nb4 25. Rha1 Rca8 26. Be2 Be4 27. Bxh5 Bxg2 28. Bxf7 Bd5 29. R1a3 Bc4 30. Re3 Rf8 31. Bh5 Bb5 32. Raa3 a4 33. Rf3 Raa8 34. Bd6 Rf6 35. Rxf6 gxf6 36. Rg3 Rh8 37. Rg7+ Kd8 38. Bf7 Nd3 39. Bxe6 Nxb2 40. Ra7 1-0

[Event "GRE-chT 46th"]
[Site "Rio Achaia"]
[Date "2018.07.14"]
[Round "6.3"]
[White "Zahilas, Loukas N"]
[Black "Kouvatsos, Filippos"]
[Result "0-1"]
[WhiteElo "2168"]
[BlackElo "2148"]
[PlyCount "86"]
[EventDate "2018.07.10"]
[EventType "team"]
[EventRounds "7"]
[EventCountry "GRE"]
[SourceTitle "CBM 185 Extra"]
[Source "ChessBase"]
[SourceDate "2018.07.29"]
[SourceVersion "1"]
[SourceVersionDate "2018.07.29"]
[SourceQuality "1"]
[WhiteTeam "Heraklion"]
[BlackTeam "The Christ of Chania"]
[WhiteTeamCountry "GRE"]
[BlackTeamCountry "GRE"]

1. e4 c6 2. d3 d5 3. Nd2 e5 4. Ngf3 Bd6 5. g3 Nf6 6. Bg2 0-0 7. 0-0 Nbd7 8. Re1 Re8 9. b3 a5 10. a4 Qc7 11. Bb2 b6 12. d4 Nxe4 13. Nxe4 dxe4 14. Nxe5 f5 15. Nc4 Bb4 16. c3 Bf8 17. f3 b5 18. Na3 Nf6 19. axb5 Bxa3 20. b6 Qxb6 21. Bxa3 Be6 22. Rb1 exf3 23. Bxf3 Bd5 24. Rxe8+ Rxe8 25. Bc5 Qc7 26. Qf1 g6 27. c4 Bxf3 28. Qxf3 Ne4 29. Re1 Qf7 30. Kg2 a4 31. bxa4 Qxc4 32. a5 Qa2+ 33. Re2 Qxa5 34. g4 Qd8 35. Qf4 Nxc5 36. Rxe8+ Qxe8 37. dxc5 Qe2+ 38. Kg3 Qxg4+ 39. Qxg4 fxg4 40. Kxg4 Kg7 41. h4 Kf6 42. Kf4 h6 43. Ke4 Ke6 0-1

[Event "Nikaia op 25th"]
[Site "Nikaia"]
[Date "2017.09.01"]
[Round "7"]
[White "Samaridis, Konstantinos"]
[Black "Kouvatsos, Filippos"]
[Result "0-1"]
[WhiteElo "2057"]
[BlackElo "2159"]
[PlyCount "70"]
[EventDate "2017.08.26"]
[EventType "swiss"]
[EventRounds "9"]
[EventCountry "GRE"]
[SourceTitle "CBM 180 Extra"]
[Source "ChessBase"]
[SourceDate "2017.10.06"]
[SourceVersion "1"]
[SourceVersionDate "2017.10.06"]
[SourceQuality "1"]

1. e4 c6 2. d4 d5 3. Nd2 a6 4. Ngf3 Bg4 5. Be2 e6 6. 0-0 Nd7 7. h3 Bh5 8. c3 Bg6 9. Bd3 Ngf6 10. Re1 dxe4 11. Nxe4 Nxe4 12. Bxe4 Bxe4 13. Rxe4 Nf6 14. Bg5 Be7 15. Bxf6 Bxf6 16. Qb3 Qc7 17. Ne5 0-0 18. f4 c5 19. Qc4 Bxe5 20. Rxe5 Qb6 21. b4 cxd4 22. cxd4 Rfd8 23. Rd1 g6 24. Kf2 Qd6 25. Ke3 b6 26. d5 a5 27. a3 axb4 28. axb4 Rdc8 29. Qd4 Ra3+ 30. Rd3 Rxd3+ 31. Kxd3 Qc7 32. Ke2 Qc2+ 33. Qd2 exd5 34. Rxd5 Qe4+ 35. Kf1 Qb1+ 0-1

[Event "Nikaia op 25th"]
[Site "Nikaia"]
[Date "2017.08.31"]
[Round "6"]
[White "Kouvatsos, Filippos"]
[Black "Triantos, Konstantinos"]
[Result "1/2-1/2"]
[WhiteElo "2159"]
[BlackElo "1986"]
[PlyCount "104"]
[EventDate "2017.08.26"]
[EventType "swiss"]
[EventRounds "9"]
[EventCountry "GRE"]
[SourceTitle "CBM 180 Extra"]
[Source "ChessBase"]
[SourceDate "2017.10.06"]
[SourceVersion "1"]
[SourceVersionDate "2017.10.06"]
[SourceQuality "1"]

1. d4 Nf6 2. c4 e6 3. g3 d5 4. Bg2 Be7 5. Nf3 c6 6. Qc2 b6 7. 0-0 0-0 8. b3 Nbd7 9. Bb2 Bb7 10. Nbd2 c5 11. cxd5 Bxd5 12. e4 Bb7 13. Rfd1 Rc8 14. Qd3 cxd4 15. e5 Nd5 16. Qxd4 Qc7 17. Nc4 Qb8 18. Nd6 Bxd6 19. exd6 f6 20. Ng5 Qxd6 21. Nxe6 Qxe6 22. Bxd5 Bxd5 23. Qxd5 Qxd5 24. Rxd5 Nc5 25. Rad1 Rfe8 26. R1d2 Kf7 27. f3 Re7 28. Kf2 Rcc7 29. b4 Na4 30. Bd4 Nc3 31. Rd8 Nb1 32. Rb2 Rcd7 33. Rxd7 Rxd7 34. Be3 Nc3 35. Rc2 Nd1+ 36. Ke2 Re7 37. Kxd1 Rxe3 38. Rc7+ Re7 39. Rc3 Ke6 40. Kc2 Kd5 41. Kd3 g6 42. a4 f5 43. a5 bxa5 44. Rc5+ Kd6 45. Rxa5 Kc6 46. h4 Kb6 47. h5 Re1 48. g4 fxg4 49. fxg4 Rg1 50. hxg6 Rxg4 51. gxh7 Rh4 52. Rg5 Rxh7 1/2-1/2

[Event "Nikaia op 25th"]
[Site "Nikaia"]
[Date "2017.08.28"]
[Round "3"]
[White "Tsivelekidou, Evgenia"]
[Black "Kouvatsos, Filippos"]
[Result "1/2-1/2"]
[WhiteElo "1789"]
[BlackElo "2159"]
[PlyCount "61"]
[EventDate "2017.08.26"]
[EventType "swiss"]
[EventRounds "9"]
[EventCountry "GRE"]
[SourceTitle "CBM 180 Extra"]
[Source "ChessBase"]
[SourceDate "2017.10.06"]
[SourceVersion "1"]
[SourceVersionDate "2017.10.06"]
[SourceQuality "1"]

1. d4 c6 2. c4 d5 3. cxd5 cxd5 4. Bf4 Nc6 5. e3 a6 6. Nc3 Nf6 7. Bd3 Bg4 8. Nge2 e6 9. 0-0 Bd6 10. f3 Bh5 11. Rc1 Bg6 12. Bxd6 Qxd6 13. Nf4 0-0 14. Nxg6 hxg6 15. Na4 Nd7 16. f4 Rac8 17. Nc5 Nxc5 18. Rxc5 Nb4 19. Rxc8 Rxc8 20. Bb1 Nc6 21. h4 Ne7 22. h5 gxh5 23. Qxh5 g6 24. Qh6 Nf5 25. Bxf5 exf5 26. Rf3 Rc2 27. Qh4 Rxb2 28. Rh3 Kf8 29. Qg5 Kg8 30. Qh4 Kf8 31. Qg5 1/2-1/2

[Event "Paleochora op 10th"]
[Site "Paleochora"]
[Date "2017.07.20"]
[Round "2"]
[White "Kouvatsos, Filippos"]
[Black "Hracek, Zbynek"]
[Result "0-1"]
[WhiteElo "2186"]
[BlackElo "2618"]
[PlyCount "72"]
[EventDate "2017.07.19"]
[EventType "swiss"]
[EventRounds "9"]
[EventCountry "GRE"]
[SourceTitle "EXT 2018"]
[Source "ChessBase"]
[SourceDate "2017.10.13"]
[SourceVersion "1"]
[SourceVersionDate "2017.10.13"]
[SourceQuality "1"]

1. d4 Nf6 2. c4 e6 3. g3 Bb4+ 4. Bd2 a5 5. Bg2 d6 6. Nf3 Nbd7 7. 0-0 e5 8. a3 Bxd2 9. Nbxd2 exd4 10. Nxd4 a4 11. Qc2 0-0 12. e4 Re8 13. f4 c6 14. Rae1 Nc5 15. Kh1 Bd7 16. Qc3 Qa5 17. Qc2 Re7 18. N4f3 g6 19. f5 Rae8 20. fxg6 fxg6 21. Nh4 Ng4 22. h3 Ne5 23. Rf6 Be6 24. Re3 Ncd7 25. Rf1 Rf7 26. Nhf3 Qc5 27. Rc3 Nxf3 28. Nxf3 Nb6 29. Rc1 Ref8 30. Qe2 Nd7 31. Kh2 Ne5 32. Qd1 Nxf3+ 33. Bxf3 Qe5 34. R1c2 Bxc4 35. Rxc4 Rxf3 36. Rg2 Rxg3 0-1

[Event "Paleochora op 9th"]
[Site "Paleochora"]
[Date "2016.07.23"]
[Round "5"]
[White "Nakar, Eylon"]
[Black "Kouvatsos, Filippos"]
[Result "1-0"]
[WhiteElo "2494"]
[BlackElo "2171"]
[PlyCount "71"]
[EventDate "2016.07.20"]
[EventType "swiss"]
[EventRounds "9"]
[EventCountry "GRE"]
[SourceTitle "EXT 2017"]
[Source "ChessBase"]
[SourceDate "2016.10.25"]
[SourceVersion "1"]
[SourceVersionDate "2016.10.25"]
[SourceQuality "1"]

1. e4 c6 2. d4 d5 3. e5 Bf5 4. Nf3 e6 5. Be2 Nd7 6. 0-0 Ne7 7. Nbd2 Bg4 8. h3 Bxf3 9. Nxf3 Nf5 10. c3 Be7 11. Bd3 g6 12. a4 Ng7 13. Bh6 0-0 14. g4 c5 15. Kg2 f6 16. exf6 Rxf6 17. Re1 Qb6 18. Bb5 Raf8 19. Re3 cxd4 20. cxd4 Qd6 21. Qe2 g5 22. Bxg7 Kxg7 23. Re1 Bd8 24. Rxe6 Qf4 25. Rxf6 Nxf6 26. Qe5 Qxe5 27. dxe5 Ne4 28. Rd1 a6 29. Be2 h6 30. Rxd5 Bb6 31. a5 Ba7 32. Rd7+ Kg6 33. Bd3 Rf4 34. Rxb7 Bc5 35. Rc7 Bb4 36. Rc4 1-0

[Event "Paleochora op 9th"]
[Site "Paleochora"]
[Date "2016.07.22"]
[Round "4"]
[White "Kouvatsos, Filippos"]
[Black "Colovic, Aleksandar"]
[Result "1-0"]
[WhiteElo "2171"]
[BlackElo "2452"]
[PlyCount "115"]
[EventDate "2016.07.20"]
[EventType "swiss"]
[EventRounds "9"]
[EventCountry "GRE"]
[SourceTitle "EXT 2017"]
[Source "ChessBase"]
[SourceDate "2016.10.25"]
[SourceVersion "1"]
[SourceVersionDate "2016.10.25"]
[SourceQuality "1"]

1. d4 Nf6 2. c4 e6 3. g3 c5 4. d5 exd5 5. cxd5 d6 6. Nc3 g6 7. Nf3 Bg7 8. Bg2 0-0 9. 0-0 Na6 10. Nd2 Nc7 11. a4 b6 12. Nc4 Ba6 13. Na3 Qd7 14. h3 Rfb8 15. f4 b5 16. axb5 Bxb5 17. Kh2 Nfe8 18. f5 Ba6 19. Nc2 Be5 20. Ne3 Nf6 21. Qc2 Rb4 22. Bf3 Rab8 23. Ra2 Qe7 24. Kg2 R8b7 25. Bd2 Bd4 26. Ned1 Bc4 27. Ra5 Bb3 28. Qd3 Bc4 29. Qc2 Bb3 30. Qd3 Nd7 31. Ne4 Ne5 32. f6 Qd8 33. Qb1 Nxd5 34. Bxb4 Rxb4 35. Rxa7 Bxd1 36. Rxd1 Ne3+ 37. Kh1 Nxd1 38. Qxd1 Nxf3 39. exf3 Bxf6 40. Qd5 Be7 41. Ng5 Qf8 42. Ra8 Bxg5 43. Rxf8+ Kxf8 44. Qxg5 Rxb2 45. Qd8+ Kg7 46. Qxd6 Rc2 47. Qd3 Rc1+ 48. Kg2 h5 49. f4 c4 50. Qd2 Rb1 51. Qc3+ Kg8 52. Qxc4 Rb6 53. f5 g5 54. Kf3 Rd6 55. h4 g4+ 56. Kf4 Kg7 57. Qc3+ Kh7 58. Qc7 1-0

[Event "GRE-chT 43rd"]
[Site "Porto Rio"]
[Date "2015.10.10"]
[Round "4.7"]
[White "Tzouganakis, Panteleimon"]
[Black "Kouvatsos, Filippos"]
[Result "1-0"]
[WhiteElo "2214"]
[BlackElo "2170"]
[PlyCount "75"]
[EventDate "2015.10.08"]
[EventType "team-swiss"]
[EventRounds "7"]
[EventCountry "GRE"]
[SourceTitle "CBM 168 Extra"]
[Source "ChessBase"]
[SourceDate "2015.10.29"]
[SourceVersion "1"]
[SourceVersionDate "2015.10.29"]
[SourceQuality "1"]
[WhiteTeam "Korinthias Argonaftis"]
[BlackTeam "Chania Kydon"]
[WhiteTeamCountry "GRE"]
[BlackTeamCountry "GRE"]

1. e4 c6 2. d4 d5 3. e5 Bf5 4. Nf3 e6 5. Be2 Nd7 6. 0-0 Ne7 7. c3 Bg6 8. Nbd2 Nf5 9. Ne1 Be7 10. Ndf3 0-0 11. Nc2 c5 12. Bd3 h5 13. Ne3 Nxe3 14. Bxe3 Bxd3 15. Qxd3 Rc8 16. Rac1 Qb6 17. Bg5 Bxg5 18. Nxg5 g6 19. b3 c4 20. bxc4 Qa6 21. Rfe1 Qxc4 22. Qd2 Nb6 23. Re3 Qc7 24. Rg3 Qe7 25. Re1 Nc4 26. Qf4 Kg7 27. Rf3 a5 28. Qh4 Nd2 29. Rf6 Rc7 30. Qf4 Ne4 31. Nxe4 dxe4 32. Rxe4 Rxc3 33. h3 a4 34. Qg5 Rc7 35. Ref4 Qd8 36. Rh4 Rh8 37. Rxh5 Qxd4 38. Rxg6+ 1-0

[Event "Mem Spyros Bikos 1st"]
[Site "Ilioupolis"]
[Date "2014.09.20"]
[Round "5"]
[White "Kouvatsos, Filippos"]
[Black "Papastavropoulos, Andreas"]
[Result "0-1"]
[WhiteElo "2157"]
[BlackElo "2202"]
[PlyCount "88"]
[EventDate "2014.09.13"]
[EventType "swiss"]
[EventRounds "6"]
[EventCountry "GRE"]
[SourceTitle "EXT 2024"]
[Source "ChessBase"]
[SourceDate "2023.10.10"]
[SourceVersion "1"]
[SourceVersionDate "2023.10.10"]
[SourceQuality "1"]

1. d4 Nf6 2. c4 g6 3. Nc3 Bg7 4. e4 d6 5. Nf3 0-0 6. Be2 a5 7. 0-0 Nc6 8. Be3 Bd7 9. d5 Nb4 10. Nd2 Ne8 11. c5 f5 12. f3 Na6 13. Bxa6 Rxa6 14. Qb3 Bc8 15. Rac1 Kh8 16. Nb5 a4 17. Qc2 c6 18. dxc6 bxc6 19. cxd6 exd6 20. Nc3 Qa5 21. Rfd1 Bf6 22. b3 axb3 23. Nxb3 Qxc3 24. Qxc3 Bxc3 25. Rxc3 fxe4 26. fxe4 Rxa2 27. Nd4 Bg4 28. Rb1 c5 29. h3 Bd7 30. Nf3 Nf6 31. Bh6 Rfa8 32. e5 Ne4 33. Rd3 c4 34. Rd4 Nc3 35. Rxd6 Bxh3 36. Re1 Rxg2+ 37. Kf1 Rg4+ 38. Kf2 Ne4+ 39. Rxe4 Rxe4 40. Ng5 Rh4 41. Nf7+ Kg8 42. Kg3 Rh5 43. Rf6 Ra3+ 44. Kf2 Rf5+ 0-1

[Event "Mem Spyros Bikos 1st"]
[Site "Ilioupolis"]
[Date "2014.09.19"]
[Round "4"]
[White "Skalkotas, Nikolaos"]
[Black "Kouvatsos, Filippos"]
[Result "0-1"]
[WhiteElo "2151"]
[BlackElo "2157"]
[PlyCount "82"]
[EventDate "2014.09.13"]
[EventType "swiss"]
[EventRounds "6"]
[EventCountry "GRE"]
[SourceTitle "EXT 2024"]
[Source "ChessBase"]
[SourceDate "2023.10.10"]
[SourceVersion "1"]
[SourceVersionDate "2023.10.10"]
[SourceQuality "1"]

1. Nf3 c6 2. e4 d5 3. Nc3 Bg4 4. h3 Bh5 5. exd5 cxd5 6. g4 Bg6 7. Bb5+ Nc6 8. Ne5 Rc8 9. d4 e6 10. h4 f6 11. Nxg6 hxg6 12. a3 Bd6 13. Be3 Nge7 14. Qd2 a6 15. Be2 b5 16. Bf4 Kf7 17. Rh3 Bxf4 18. Qxf4 g5 19. Qd2 gxh4 20. 0-0-0 b4 21. Na2 bxa3 22. Rxa3 a5 23. Bf1 Qc7 24. Kb1 Nb4 25. Rc1 Nxa2 26. Kxa2 Nc6 27. g5 Qb6 28. Bh3 Qxd4 29. Qxd4 Nxd4 30. gxf6 Kxf6 31. Re1 Nxc2 32. Rf3+ Ke7 33. Rg1 Rhf8 34. Rxg7+ Kd6 35. Rxf8 Rxf8 36. Rg6 Nd4 37. Rg4 e5 38. Rxh4 Rxf2 39. Rh6+ Kc5 40. Ra6 Nc6 41. Ra8 Nb4+ 0-1

[Event "Nikaia op 22nd"]
[Site "Nikaia"]
[Date "2014.08.26"]
[Round "1"]
[White "Trimitzios, Petros"]
[Black "Kouvatsos, Filippos"]
[Result "1/2-1/2"]
[WhiteElo "1755"]
[BlackElo "2157"]
[PlyCount "89"]
[EventDate "2014.08.26"]
[EventType "swiss"]
[EventRounds "9"]
[EventCountry "GRE"]
[SourceTitle "CBM 162 Extra"]
[Source "ChessBase"]
[SourceDate "2014.10.17"]
[SourceVersion "1"]
[SourceVersionDate "2014.10.17"]
[SourceQuality "1"]

1. Nf3 c6 2. d4 d5 3. g3 Nf6 4. Bg2 Bf5 5. 0-0 e6 6. c4 Nbd7 7. b3 Be7 8. Bb2 0-0 9. Nbd2 h6 10. Rc1 a5 11. Ne5 a4 12. Re1 axb3 13. axb3 Bb4 14. Bc3 Bxc3 15. Rxc3 Ra2 16. Nxd7 Nxd7 17. e4 Qa5 18. Rc2 Rxc2 19. Qxc2 dxe4 20. Bxe4 Bxe4 21. Rxe4 Qa1+ 22. Kg2 Nf6 23. Rf4 Rd8 24. Nf3 Ra8 25. g4 Ra2 26. Qd3 Qc1 27. Kg3 Qb2 28. Ne5 Ra3 29. Rf3 c5 30. h4 Qxd4 31. Qxd4 cxd4 32. Kf4 Ne8 33. g5 hxg5+ 34. hxg5 Nd6 35. c5 Nf5 36. Nc4 Ra2 37. Ke4 Kf8 38. b4 Ra4 39. Rb3 Ra6 40. Ra3 Ke7 41. Rxa6 bxa6 42. Ne5 f6 43. Nc6+ Kd7 44. gxf6 gxf6 45. Nxd4 1/2-1/2

[Event "Isthmia op 4th"]
[Site "Vrachati"]
[Date "2014.08.21"]
[Round "5"]
[White "Mastrovasilis, Athanasios"]
[Black "Kouvatsos, Filippos"]
[Result "1-0"]
[WhiteElo "2526"]
[BlackElo "2157"]
[PlyCount "93"]
[EventDate "2014.08.18"]
[EventType "swiss"]
[EventRounds "9"]
[EventCountry "GRE"]
[SourceTitle "CBM 161 Extra"]
[Source "ChessBase"]
[SourceDate "2014.08.29"]
[SourceVersion "1"]
[SourceVersionDate "2014.08.29"]
[SourceQuality "1"]

1. d4 c6 2. c4 d5 3. Nc3 Nf6 4. e3 g6 5. Nf3 Bg7 6. Bd3 0-0 7. h3 Nbd7 8. 0-0 dxc4 9. Bxc4 Nb6 10. Bb3 Bf5 11. Nh4 Qd7 12. Nxf5 Qxf5 13. Qe2 Rad8 14. e4 Qh5 15. Qxh5 Nxh5 16. g4 Nf6 17. Be3 Kh8 18. Rad1 Ng8 19. f4 e6 20. f5 exf5 21. gxf5 gxf5 22. Rxf5 f6 23. Rf3 Ne7 24. Be6 Ng6 25. Rdf1 Rde8 26. d5 Ne5 27. Rg3 Nbd7 28. Kh1 Re7 29. Rfg1 Ng6 30. h4 cxd5 31. exd5 f5 32. Bg5 Nf6 33. Bxf5 Nh5 34. Rf3 Ref7 35. Bxg6 hxg6 36. Rxf7 Rxf7 37. d6 Be5 38. Ne4 Bxb2 39. Rd1 Ng7 40. Nc5 Be5 41. d7 Bc7 42. d8R+ Bxd8 43. Rxd8+ Kh7 44. Nd7 Nh5 45. Nf8+ Kg7 46. Ne6+ Kh7 47. Be3 1-0

[Event "Isthmia op 4th"]
[Site "Vrachati"]
[Date "2014.08.19"]
[Round "2"]
[White "Kouvatsos, Filippos"]
[Black "Rychagov, Andrey"]
[Result "0-1"]
[WhiteElo "2157"]
[BlackElo "2544"]
[PlyCount "80"]
[EventDate "2014.08.18"]
[EventType "swiss"]
[EventRounds "9"]
[EventCountry "GRE"]
[SourceTitle "CBM 161 Extra"]
[Source "ChessBase"]
[SourceDate "2014.08.29"]
[SourceVersion "1"]
[SourceVersionDate "2014.08.29"]
[SourceQuality "1"]

1. d4 f5 2. Nf3 Nf6 3. g3 g6 4. Bg2 Bg7 5. b3 0-0 6. Bb2 d6 7. Nbd2 Nc6 8. Nc4 e6 9. a4 a5 10. 0-0 Qe8 11. e3 b6 12. Nfd2 Bb7 13. e4 fxe4 14. f3 d5 15. Ne3 Ba6 16. c4 Rd8 17. fxe4 Nxe4 18. Rxf8+ Qxf8 19. Nxe4 dxe4 20. Qg4 Nxd4 21. Bxe4 Bc8 22. Ba3 c5 23. Rf1 Nf5 24. Bc1 Qf6 25. Kh1 Qe5 26. Qf3 Nd6 27. Bc6 Qc3 28. Rd1 Qxb3 29. Qf4 Bd4 30. Rf1 Qc3 31. Ng4 Bg7 32. Qg5 Nf7 33. Qe7 Rf8 34. Be8 Qxc4 35. Bxf7+ Kh8 36. Ne3 Qe4+ 37. Kg1 Bb7 38. Kf2 Qf3+ 39. Ke1 Bc3+ 40. Bd2 Qxe3+ 0-1

[Event "GRE-chT 42nd"]
[Site "Porto Rio"]
[Date "2014.06.30"]
[Round "4.3"]
[White "Malikentzos, Sotirios"]
[Black "Kouvatsos, Filippos"]
[Result "1-0"]
[WhiteElo "2352"]
[BlackElo "2151"]
[PlyCount "151"]
[EventDate "2014.06.28"]
[EventType "team-swiss"]
[EventRounds "7"]
[EventCountry "GRE"]
[SourceTitle "CBM 161 Extra"]
[Source "ChessBase"]
[SourceDate "2014.08.29"]
[SourceVersion "1"]
[SourceVersionDate "2014.08.29"]
[SourceQuality "1"]
[WhiteTeam "Thessaloniki Interior"]
[BlackTeam "Chania Kydon"]
[WhiteTeamCountry "GRE"]
[BlackTeamCountry "GRE"]

1. Nf3 d5 2. g3 c6 3. Bg2 Bg4 4. c4 e6 5. cxd5 Bxf3 6. Bxf3 cxd5 7. Nc3 Nc6 8. d3 Nf6 9. 0-0 Be7 10. a3 0-0 11. Bd2 Rc8 12. Rc1 Qd7 13. Bg2 h6 14. Qa4 a6 15. Qd1 b5 16. e4 dxe4 17. dxe4 Ne5 18. Bf4 Qxd1 19. Rfxd1 Nc4 20. e5 Ng4 21. Bb7 Rb8 22. Bxa6 Nxb2 23. Rd7 Bxa3 24. Nxb5 Ra8 25. Rc6 g5 26. Nxa3 gxf4 27. gxf4 h5 28. Nb5 Rfd8 29. Rxd8+ Rxd8 30. Nd6 Nd1 31. Be2 Ngxf2 32. Kf1 Rb8 33. Rc1 Rb4 34. Bxd1 Rxf4 35. Kg2 Nd3 36. Rc8+ Kg7 37. Ne8+ Kh6 38. Nd6 Nxe5 39. Rh8+ Kg7 40. Rxh5 Ng6 41. Bc2 Rd4 42. Ne8+ Kf8 43. Bxg6 Kxe8 44. Rh8+ Ke7 45. Bh5 f5 46. Kg3 Kf6 47. h4 Rd3+ 48. Kf2 Kg7 49. Ra8 Kf6 50. Rf8+ Ke5 51. Bf7 Kf6 52. Bh5+ Ke5 53. Be2 Rh3 54. Rh8 Kf4 55. Kg2 Rg3+ 56. Kf2 Rh3 57. Bf1 Rf3+ 58. Kg2 e5 59. h5 e4 60. Rg8 Rc3 61. h6 Rc2+ 62. Kg1 Rc7 63. Bb5 e3 64. Rg7 Rc1+ 65. Kh2 Rc2+ 66. Rg2 Rc7 67. Kh3 Rh7 68. Rg6 Kf3 69. Kh4 f4 70. Kg5 Re7 71. Rf6 Kg3 72. Rxf4 e2 73. Bxe2 Rxe2 74. h7 Re8 75. Rf7 Rh8 76. Kg6 1-0

[Event "GRE-chT 42nd"]
[Site "Porto Rio"]
[Date "2014.06.29"]
[Round "2.4"]
[White "Bellos, Ioannis"]
[Black "Kouvatsos, Filippos"]
[Result "0-1"]
[WhiteElo "2079"]
[BlackElo "2151"]
[PlyCount "74"]
[EventDate "2014.06.28"]
[EventType "team-swiss"]
[EventRounds "7"]
[EventCountry "GRE"]
[SourceTitle "CBM 161 Extra"]
[Source "ChessBase"]
[SourceDate "2014.08.29"]
[SourceVersion "1"]
[SourceVersionDate "2014.08.29"]
[SourceQuality "1"]
[WhiteTeam "Peristeriou CP"]
[BlackTeam "Chania Kydon"]
[WhiteTeamCountry "GRE"]
[BlackTeamCountry "GRE"]

1. e4 c6 2. d4 d5 3. e5 Bf5 4. h4 Qc8 5. Nc3 h6 6. Nge2 e6 7. Nf4 Nd7 8. g4 Bh7 9. Be3 Ne7 10. Bd3 Bxd3 11. Qxd3 Qc7 12. 0-0-0 0-0-0 13. h5 a6 14. Na4 c5 15. dxc5 Nc6 16. Qe2 Ncxe5 17. Nd3 Nxd3+ 18. Rxd3 Qc6 19. Nb6+ Kb8 20. Nxd7+ Rxd7 21. Rhd1 Bxc5 22. Rc3 Bxe3+ 23. fxe3 Qd6 24. Rd4 Rc7 25. Rb3 Rhc8 26. Rdb4 Qc5 27. c3 Ka7 28. Qd3 f6 29. e4 Qg1+ 30. Kc2 Qxg4 31. Qe3+ Ka8 32. Ra4 dxe4 33. Rxe4 Qxh5 34. Rxe6 Rd7 35. Qe1 Rcd8 36. Re2 Qf5+ 37. Kc1 Qd3 0-1

[Event "Paleochora op 6th"]
[Site "Paleochora"]
[Date "2013.07.26"]
[Round "9"]
[White "Kouvatsos, Filippos"]
[Black "Kanakaris, Georgios"]
[Result "1/2-1/2"]
[WhiteElo "2181"]
[BlackElo "2310"]
[PlyCount "114"]
[EventDate "2013.07.19"]
[EventType "swiss"]
[EventRounds "9"]
[EventCountry "GRE"]
[SourceTitle "CBM 155 Extra"]
[Source "ChessBase"]
[SourceDate "2013.08.26"]
[SourceVersion "1"]
[SourceVersionDate "2013.08.26"]
[SourceQuality "1"]

1. d4 Nf6 2. c4 e6 3. Nf3 b6 4. e3 Bb7 5. Bd3 Ne4 6. Nbd2 f5 7. Qc2 Bb4 8. 0-0 Bxd2 9. Nxd2 Qh4 10. f3 Nf6 11. b4 0-0 12. Nb3 Nc6 13. Bd2 a5 14. bxa5 Nxa5 15. Nxa5 bxa5 16. a4 g5 17. Rab1 Ra7 18. Bxa5 g4 19. Bxc7 gxf3 20. g3 Qh6 21. Bf4 Qh3 22. Bd6 Rc8 23. Bc5 Rxc5 24. dxc5 Bc6 25. Rf2 Rxa4 26. Bf1 Qh6 27. Rb6 Ra8 28. Rxc6 dxc6 29. Rxf3 Rd8 30. Rf4 Ng4 31. Qe2 Qg7 32. e4 Rf8 33. exf5 exf5 34. Qe6+ Kh8 35. Rxf5 Rxf5 36. Qxf5 Qd4+ 37. Kh1 Kg7 38. Qf4 Qd1 39. h3 Nf6 40. Kh2 Qc2+ 41. Bg2 h5 42. Qc7+ Kg6 43. Qxc6 Qxc4 44. Qd6 h4 45. c6 hxg3+ 46. Qxg3+ Kf7 47. Qc7+ Ke6 48. Qg3 Ke7 49. Qe5+ Kf7 50. Qd6 Qh4 51. Qg3 Qc4 52. c7 Ke7 53. Qe5+ Kd7 54. Qxf6 Qxc7+ 55. Kg1 Qc1+ 56. Kf2 Qd2+ 57. Kg3 Qd6+ 1/2-1/2